00823nam a2200169 i 4500001000700000003000900007005001700016008004100033080004000074100004200114245008000156260002900236300002800265500024000293600005900533852006100592180920ES-MaACL20230906221222.0120829s1987 sp |||| | spa d a929 Cánovas del Castillo, Antonio1 aCánovas del Castillo, Juan Antonio.10aDon Antonio Cánovas del Castillo / cJuan Antonio Cánovas del Castillo. a[S.l. : bs.n., c1987?] aP. [223]-236 ; c24 cm. aConferencia pronunciada el 19 de mayo de 1981 con motivo de los homenajes organizados por la Real Academia de Jurisprudencia y Legislación a los personajes que fueron Presidentes del Consejo de Ministros y Presidentes de la Academia.14aCánovas del Castillo, Antonio, 1828-1897-vHomenajes aES-MaACLj2318-F-3 z.- Dedicatoria manuscrita del autor